000 00681nam a2200217Ii 4500
003 JO-AjNU
008 230605s9999||||xx |||||||||||||| ||und||
017 _a2008/4/999
040 _aJO-AjNU
_bara
_erda
_cJO-AjNU
041 _aara
050 1 4 _aPJ7814 2008
100 3 _a تأليف الصقرات، هند,
_eauthor
_912046
245 0 0 _aديوان " ألحان على أوتار غريبة "
250 _aط1
264 3 1 _aإربد:المؤلف،2008
300 _a50ص
336 _atext
_btxt
_2rdacontent
337 _aunmediated
_bn
_2rdamedia
338 _avolume
_bnc
_2rdacarrier
650 4 _aالشعر العربي - العصر الحديث - الأردن
_912047
999 _aA2638
_c6206
_d6206